| 000 | 00714nas a2200229 4500 | ||
|---|---|---|---|
| 001 | BR8707533 | ||
| 003 | BR-BrBNA | ||
| 005 | 20231205090934.0 | ||
| 007 | ta | ||
| 008 | 230509b bl.|||p| |||| 00| 00por d | ||
| 040 |
_aBR-BrBNA _bpor _cBiblioteca Nacional de Agricultura |
||
| 041 | _a(Pt) | ||
| 072 | _aF01 | ||
| 110 | 1 | _aCooperativa Central de Laticinios do Estado de Sao Paulo, Sao Paulo (Brasil) | |
| 245 | 1 | _aCrescimento da soja deixa o sul e caminha para o norte | |
| 650 | _aPLANTIO | ||
| 650 | _aRENTABILIDADE | ||
| 650 | _aSOJA | ||
| 773 | 0 |
_tBalde Branco (Brazil) _xISSN 0005-4275 _g(Feb 1987), v. 22(268) p. 33-34 _wBR8707533 |
|
| 909 |
_a202311 _bLúcia _c55 _dLúcia Elande |
||
| 942 |
_2AGRIS _n0 _cANA |
||
| 999 |
_c121760 _d121760 |
||